[Event "Gibraltar Challengers op-B"]
[Site "Caleta"]
[Date "2019.01.30"]
[Round "5"]
[White "Sharma, Pankaj1111"]
[Black "Butusina, Samuel"]
[Result "0-1"]
[WhiteElo "1809"]
[BlackElo "1688"]
[PlyCount "60"]
[EventDate "2019.01.26"]
[EventType "swiss"]
[EventRounds "5"]
[EventCountry "GGB"]
[SourceTitle "CBM 188 Extra"]
[Source "ChessBase"]
[SourceDate "2019.02.26"]
[SourceVersion "1"]
[SourceVersionDate "2019.02.26"]
[SourceQuality "1"]

1. Nf3 Nf6 2. d4 g6 3. c4 Bg7 4. Nc3 d6 5. e4 0-0 6. Be2 Nbd7 7. 0-0 e5 8. d5 Nc5 9. Qc2 a5 10. Rb1 Ncxe4 11. Nxe4 Nxe4 12. b4 axb4 13. Rxb4 Nc5 14. Be3 Na6 15. Rb3 f5 16. g3 f4 17. gxf4 exf4 18. Bd4 Bxd4 19. Nxd4 Nc5 20. Rc3 Qf6 21. Rd1 Bd7 22. Kh1 Rfe8 23. Bf3 Bh3 24. Bg2 Qxd4 25. Bxh3 Qe4+ 26. Kg1 Qxc2 27. Rxc2 Ra3 28. Kg2 Re5 29. Rd4 Rg5+ 30. Kf1 Rxh3 0-1

[Event "Gibraltar Amateur op-B"]
[Site "Caleta"]
[Date "2019.01.27"]
[Round "2"]
[White "Mahbubani, Dev"]
[Black "Butusina, Samuel"]
[Result "0-1"]
[WhiteElo "1343"]
[BlackElo "1688"]
[PlyCount "46"]
[EventDate "2019.01.26"]
[EventType "swiss"]
[EventRounds "5"]
[EventCountry "GGB"]
[SourceTitle "EXT 2021"]
[Source "ChessBase"]
[SourceDate "2020.10.23"]
[SourceVersion "1"]
[SourceVersionDate "2020.10.23"]
[SourceQuality "1"]

1. f4 d5 2. Nf3 Bg4 3. e3 Nd7 4. d4 Bxf3 5. Qxf3 e6 6. Nc3 a6 7. Qg3 Ngf6 8. Be2 Bd6 9. Bf3 Qe7 10. e4 dxe4 11. Nxe4 Nxe4 12. Bxe4 0-0-0 13. Qf3 c6 14. Be3 Nf6 15. Bxc6 bxc6 16. Qxc6+ Qc7 17. Qxa6+ Kd7 18. 0-0-0 Ra8 19. Qb5+ Ke7 20. Qb3 Rhb8 21. Qd3 Rxa2 22. Kb1 Rbxb2+ 23. Kc1 Rxc2+ 0-1

[Event "Arad op 11th"]
[Site "Arad"]
[Date "2018.08.06"]
[Round "3"]
[White "Butusina, Samuel"]
[Black "Balla, Tamas Kristof"]
[Result "0-1"]
[WhiteElo "1647"]
[BlackElo "2352"]
[PlyCount "116"]
[EventDate "2018.08.05"]
[EventType "swiss"]
[EventRounds "9"]
[EventCountry "ROU"]
[SourceTitle "CBM 185 Extra"]
[Source "ChessBase"]
[SourceDate "2018.07.29"]
[SourceVersion "1"]
[SourceVersionDate "2018.07.29"]
[SourceQuality "1"]

1. b4 e5 2. Bb2 Bxb4 3. Bxe5 Nf6 4. Nc3 Ba5 5. Nf3 d6 6. Bxf6 Qxf6 7. Ne4 Qe7 8. Ng3 0-0 9. e3 f5 10. Bc4+ Kh8 11. Ne2 Nd7 12. 0-0 Ne5 13. Nxe5 dxe5 14. f4 Rd8 15. c3 e4 16. Qc2 c5 17. Rfd1 Be6 18. Bxe6 Qxe6 19. Qb3 Qa6 20. Kf2 Rd7 21. a4 Rad8 22. Ra2 Qh6 23. h3 Qh4+ 24. Kg1 g6 25. Qe6 Bc7 26. a5 Kg7 27. Qb3 Qf6 28. Qc4 Qc6 29. g3 Rd5 30. Kf2 R8d6 31. Ke1 Qd7 32. Qb3 Bd8 33. Qc2 c4 34. Qa4 Qc7 35. Rda1 Ra6 36. Nd4 Kf7 37. Qb4 Be7 38. Qa4 Qc8 39. Rb1 b6 40. Rb5 Rxa5 41. Qxa5 bxa5 42. Rxd5 Bd8 43. Rb5 Bb6 44. Ke2 Ke7 45. Rbxa5 Bxa5 46. Rxa5 a6 47. Nc2 Qf8 48. Rxa6 Qh6 49. Ra7+ Kd6 50. h4 Qh5+ 51. Ke1 Qf3 52. Rxh7 Qxg3+ 53. Kd1 Qg1+ 54. Ke2 Ke6 55. Nd4+ Kf6 56. Nc2 Ke6 57. Ne1 Qg4+ 58. Kf1 Qd1 0-1

[Event "ROM-ch U14"]
[Site "Calimanesti"]
[Date "2015.04.04"]
[Round "7"]
[White "Dobra, Robert Cristian"]
[Black "Butusina, Samuel"]
[Result "0-1"]
[WhiteElo "1121"]
[BlackElo "1271"]
[PlyCount "46"]
[EventDate "2015.03.30"]
[EventType "swiss"]
[EventRounds "9"]
[EventCountry "ROU"]
[SourceTitle "CBM 165 Extra"]
[Source "ChessBase"]
[SourceDate "2015.04.21"]
[SourceVersion "1"]
[SourceVersionDate "2015.04.21"]
[SourceQuality "1"]

1. d4 Nf6 2. Nf3 g6 3. e3 Bg7 4. Bd3 d6 5. e4 Nc6 6. c3 Bd7 7. Bf4 0-0 8. Nbd2 a6 9. 0-0 b5 10. Qe2 Qc8 11. Qe3 Ng4 12. Qe2 f5 13. exf5 Bxf5 14. Bxf5 Qxf5 15. h3 Qxf4 16. Qe6+ Kh8 17. Qxg4 Qxg4 18. hxg4 e5 19. d5 Ne7 20. c4 bxc4 21. Nxc4 Nxd5 22. Rfe1 Rab8 23. Rab1 Rf4 0-1